书目信息 |
| 题名: |
新经济问题
|
|
| 作者: | 孙尚清 著 | |
| 分册: | 下卷 | |
| 出版信息: | 北京 中国发展出版社 1996.08 |
|
| 页数: | 600页 | |
| 开本: | 24cm | |
| 丛书名: | ||
| 单 册: | ||
| 中图分类: | K248.30 | |
| 科图分类: | ||
| 主题词: | 中国--历史 | |
| 电子资源: | ||
| ISBN: | 978-7-80087-213-6 | |
| 000 | 00569nam0 2200181 450 | |
| 001 | 202411011482885367 | |
| 005 | 20241101095623.16 | |
| 010 | @a978-7-80087-213-6@d¥24.75 | |
| 100 | @a20241101d km y0chiy0120 ea | |
| 101 | 0 | @achi |
| 200 | 1 | @a新经济问题@AXin Jing Ji Wen Ti@h下卷@f孙尚清著@FSun Shang Qing Zhu |
| 210 | @a北京@c中国发展出版社@d1996.08 | |
| 215 | @a600页@d24cm | |
| 606 | 0 | @a中国@x历史 |
| 690 | @aK248.30@v4 | |
| 701 | 0 | @a孙尚清@ASun Shang Qing@4著 |
| 801 | 0 | @aCN@b大连网信软件有限公司图书馆·11@c20241101 |
| 905 | @aZUCC@b214317791@dK248.30@e200:2@f1 | |
| 新经济问题.下卷/孙尚清著.-北京:中国发展出版社,1996.08 |
| 600页;24cm |
| ISBN 978-7-80087-213-6:¥24.75 |
| ● |
| 相关链接 |
|
|
|
|
正题名:新经济问题
索取号:K248.30/200:2
 
预约/预借
| 序号 | 登录号 | 条形码 | 馆藏地/架位号 | 状态 | 备注 |
| 1 | 214317791 | 214317791 | 密集书库-史法系/ [索取号:K248.30/200:2] | 在馆 |